Heterogeneity gap in stable jurisdiction structures /
Kaydedildi:
| Diğer Yazarlar: | , , , |
|---|---|
| Materyal Türü: | Makale |
| Dil: | English |
| Konular: | |
| Etiketler: |
Etiketle
Etiket eklenmemiş, İlk siz ekleyin!
|
| Thư viện lưu trữ: | Thư viện Trường Đại học Đà Lạt |
|---|
| LEADER | 00950nam a2200313 4500 | ||
|---|---|---|---|
| 001 | DLU090070408 | ||
| 005 | ##20090525 | ||
| 040 | # | # | |a DLU |b eng |
| 041 | # | # | |a eng |
| 044 | # | # | |a US |
| 245 | # | # | |a Heterogeneity gap in stable jurisdiction structures / |c Anna Bogomolnaia, Michel Le Breton, Alexei Savvateev, Shlomo Weber. |
| 653 | # | # | |a Heterogeneity gap |
| 653 | # | # | |a Jurisdictions |
| 653 | # | # | |a Public projects |
| 653 | # | # | |a Stability |
| 700 | # | # | |a Bogomolnaia, Anna. |
| 700 | # | # | |a Breton, Michel Le. |
| 700 | # | # | |a Savvateev, Alexei. |
| 700 | # | # | |a Weber, Shlomo. |
| 773 | # | # | |t Journal of Public Economic Theory |g Vol. 10, no. 3 (June 2008), p. 455-473 |
| 920 | # | # | |a Phòng Tạp chí -- Trung tâm Thông tin - Thư viện Trường Đại học Đà Lạt |
| 994 | # | # | |a DLU |
| 900 | # | # | |a True |
| 911 | # | # | |a Trương Bảo Trâm Anh |
| 925 | # | # | |a G |
| 926 | # | # | |a A |
| 927 | # | # | |a BB |
| 980 | # | # | |a Thư viện Trường Đại học Đà Lạt |